LIBRARY & INFORMATION CENTRE, KCAET, TAVANUR

ONLINE PUBLIC ACCESS CATALOGUE (OPAC)

Land Drainage : Principles Methods and Applications / (Record no. 759)

MARC details
000 -LEADER
fixed length control field 00373cam a2200133ua 4500
020 ## - INTERNATIONAL STANDARD BOOK NUMBER
ISBN 9788125927761
082 ## - DEWEY DECIMAL CLASSIFICATION NUMBER
Classification number 631.5872
Item number BHA/LA
100 ## - MAIN ENTRY--AUTHOR NAME
Personal name Bhattacharya, A K .
100 ## - MAIN ENTRY--AUTHOR NAME
Personal name Michael A.M.
245 ## - TITLE STATEMENT
Title Land Drainage : Principles Methods and Applications /
260 ## - PUBLICATION, DISTRIBUTION, ETC. (IMPRINT)
Place of publication New Delhi :
Name of publisher Vikas Publishing House Pvt. Ltd ,
Year of publication 2010
300 ## - PHYSICAL DESCRIPTION
Number of Pages 757.
942 ## - ADDED ENTRY ELEMENTS (KOHA)
Koha item type Books
Holdings
Withdrawn status Lost status Damaged status Collection code Home library Current library Shelving location Date acquired Source of acquisition Cost, normal purchase price Full call number Accession Number Koha item type
        KAUAET KAUAET General Stacks 09/06/2016 Professional Books Cochin 450.00 631.5872 BHA/LA 24234 Books
        KAUAET KAUAET General Stacks 26/07/2016 Penta Books, Calicut. 450.00 631.5872 BHA/LA 24183 Books
free website counter